[Event "European Individual Chess Championship "]
[Site "Reykjavik, Iceland"]
[Date "2021.08.30"]
[Round "5.5"]
[White "Antipov, Mikhail Al."]
[Black "Lagarde, Maxime"]
[Result "0-1"]
[WhiteElo "2607"]
[BlackElo "2631"]
[PlyCount "68"]
[EventDate "2021.08.26"]

1. e4 {[%emt 0:00:02]} c5 {[%emt 0:00:03]} 2. Nf3 {[%emt 0:00:07]} d6 {[%emt 0:
00:04]} 3. d4 {[%emt 0:00:06]} cxd4 {[%emt 0:00:04]} 4. Nxd4 {[%emt 0:00:05]}
Nf6 {[%emt 0:00:04]} 5. Nc3 {[%emt 0:00:08]} g6 {[%emt 0:00:25]} 6. Be3 {
[%emt 0:07:08]} Bg7 {[%emt 0:00:33]} 7. h3 {[%emt 0:01:07]} O-O {[%emt 0:00:43]
} 8. Qd2 {[%emt 0:00:08]} a6 {[%emt 0:04:30]} 9. Be2 {[%emt 0:07:01]} Nc6 {
[%emt 0:10:46]} 10. O-O-O {[%emt 0:08:57]} Nxd4 {[%emt 0:05:15]} 11. Bxd4 {
[%emt 0:00:08]} b5 {[%emt 0:04:52]} 12. Bf3 {[%emt 0:23:38]} Qa5 {[%emt 0:17:
06]} 13. Kb1 {[%emt 0:09:51]} b4 {[%emt 0:00:52]} 14. Nd5 {[%emt 0:00:27]} Nxd5
{[%emt 0:00:12]} 15. exd5 {[%emt 0:01:03]} e5 {[%emt 0:00:47]} 16. dxe6 {
[%emt 0:01:07]} Bxe6 {[%emt 0:00:05]} 17. b3 {[%emt 0:00:13]} Bxd4 {[%emt 0:01:
04]} 18. Qxd4 {[%emt 0:00:03]} Rac8 {[%emt 0:00:10]} 19. Rd2 {[%emt 0:03:26]}
Rc3 {[%emt 0:02:42]} 20. Be4 {[%emt 0:11:33]} Re8 {[%emt 0:15:06]} 21. Rhd1 {
[%emt 0:02:37]} Qa3 {[%emt 0:06:01]} 22. Bd5 {[%emt 0:09:26]} Bxd5 {[%emt 0:02:
38]} 23. Qxd5 {[%emt 0:00:02]} Re5 {[%emt 0:00:49]} 24. Qxd6 {[%emt 0:06:19]}
Ra5 {[%emt 0:00:05]} 25. Qd8+ {[%emt 0:00:06]} Kg7 {[%emt 0:00:04]} 26. Qd4+ {
[%emt 0:00:05]} f6 {[%emt 0:01:10]} 27. Re2 {[%emt 0:00:03]} Qxa2+ {[%emt 0:01:
16]} 28. Kc1 {[%emt 0:00:05]} Qa1+ {[%emt 0:01:27]} 29. Kd2 {[%emt 0:00:07]}
Rxc2+ {[%emt 0:00:10]} 30. Ke1 {[%emt 0:00:04]} Qxd4 {[%emt 0:00:27]} 31. Rxd4
{[%emt 0:00:03]} Ra1+ {[%emt 0:00:23]} 32. Rd1 {[%emt 0:00:07]} Rxe2+ {[%emt 0:
00:09]} 33. Kxe2 {[%emt 0:00:03]} Rxd1 {[%emt 0:00:06]} 34. Kxd1 {[%emt 0:00:
03]} Kf7 {[%emt 0:00:04]} 0-1

[Event "European Individual Chess Championship "]
[Site "Reykjavik, Iceland"]
[Date "2021.08.30"]
[Round "5.6"]
[White "Demchenko, Anton"]
[Black "Gajewski, Grzegorz"]
[Result "1/2-1/2"]
[WhiteElo "2597"]
[BlackElo "2617"]
[PlyCount "86"]
[EventDate "2021.08.26"]

1. e4 {[%emt 0:00:04]} e5 {[%emt 0:00:14]} 2. Nf3 {[%emt 0:00:15]} Nc6 {
[%emt 0:00:07]} 3. Bc4 {[%emt 0:00:16]} Bc5 {[%emt 0:00:07]} 4. d3 {[%emt 0:00:
19]} h6 {[%emt 0:00:26]} 5. c3 {[%emt 0:00:20]} Nf6 {[%emt 0:00:07]} 6. b4 {
[%emt 0:00:26]} Be7 {[%emt 0:00:13]} 7. Qb3 {[%emt 0:01:02]} O-O {[%emt 0:00:
14]} 8. a4 {[%emt 0:01:21]} d6 {[%emt 0:00:16]} 9. O-O {[%emt 0:02:12]} Nb8 {
[%emt 0:02:29]} 10. Qc2 {[%emt 0:10:28]} c6 {[%emt 0:03:55]} 11. Bb3 {[%emt 0:
00:24]} Nbd7 {[%emt 0:06:22]} 12. d4 {[%emt 0:09:37]} a5 {[%emt 0:17:44]} 13.
Nbd2 {[%emt 0:11:49]} exd4 {[%emt 0:02:12]} 14. Nxd4 {[%emt 0:01:41]} d5 {
[%emt 0:04:20]} 15. exd5 {[%emt 0:10:18]} cxd5 {[%emt 0:02:42]} 16. Nf5 {
[%emt 0:03:31]} Re8 {[%emt 0:09:24]} 17. Nxe7+ {[%emt 0:00:41]} Qxe7 {[%emt 0:
01:06]} 18. Ba3 {[%emt 0:00:55]} Ne5 {[%emt 0:05:57]} 19. bxa5 {[%emt 0:10:40]}
Qc7 {[%emt 0:00:10]} 20. c4 {[%emt 0:02:11]} d4 {[%emt 0:04:38]} 21. Rfe1 {
[%emt 0:00:47]} Bg4 {[%emt 0:06:14]} 22. c5 {[%emt 0:07:18]} d3 {[%emt 0:08:26]
} 23. Qc3 {[%emt 0:01:15]} Be2 {[%emt 0:00:26]} 24. h3 {[%emt 0:00:59]} Nh5 {
[%emt 0:18:12]} 25. c6 {[%emt 0:04:17]} Qxc6 {[%emt 0:01:37]} 26. Qb4 {[%emt 0:
00:34]} Qg6 {[%emt 0:00:47]} 27. Kh1 {[%emt 0:03:43]} Nc6 {[%emt 0:00:25]} 28.
Qh4 {[%emt 0:03:53]} Rad8 {[%emt 0:00:23]} 29. Bb2 {[%emt 0:00:39]} Nxa5 {
[%emt 0:00:38]} 30. Ba2 {[%emt 0:00:08]} Qg5 {[%emt 0:00:35]} 31. Qxg5 {
[%emt 0:00:28]} hxg5 {[%emt 0:00:02]} 32. Bc3 {[%emt 0:00:30]} b6 {[%emt 0:02:
11]} 33. Rab1 {[%emt 0:00:26]} Rc8 {[%emt 0:00:21]} 34. Rec1 {[%emt 0:00:19]}
Re7 {[%emt 0:01:13]} 35. Bd4 {[%emt 0:01:54]} Rc2 {[%emt 0:00:29]} 36. Rxc2 {
[%emt 0:00:24]} dxc2 {[%emt 0:00:02]} 37. Rc1 {[%emt 0:00:06]} Bd1 {[%emt 0:02:
13]} 38. Bxb6 {[%emt 0:02:01]} Nc6 {[%emt 0:00:19]} 39. Bb3 {[%emt 0:09:17]}
Nb4 40. Bxc2 {[%emt 0:01:03]} Bxc2 {[%emt 0:01:34]} 41. Bc5 {[%emt 0:00:18]}
Rb7 {[%emt 0:03:18]} 42. Bxb4 {[%emt 0:00:23]} Rxb4 {[%emt 0:00:13]} 43. Rxc2 {
[%emt 0:00:06]} Rxa4 {[%emt 0:00:24]} 1/2-1/2

[Event "European Individual Chess Championship "]
[Site "Reykjavik, Iceland"]
[Date "2021.08.30"]
[Round "5.7"]
[White "Sargissian, Gabriel"]
[Black "Nagy, Gabor"]
[Result "1/2-1/2"]
[WhiteElo "2682"]
[BlackElo "2518"]
[PlyCount "95"]
[EventDate "2021.08.26"]

1. d4 {[%emt 0:00:09]} Nf6 {[%emt 0:00:20]} 2. c4 {[%emt 0:00:30]} e6 {[%emt 0:
00:17]} 3. Nc3 {[%emt 0:00:22]} d5 {[%emt 0:00:44]} 4. cxd5 {[%emt 0:00:32]}
exd5 {[%emt 0:00:24]} 5. Bg5 {[%emt 0:00:14]} c6 {[%emt 0:00:45]} 6. e3 {
[%emt 0:00:08]} Bd6 {[%emt 0:01:08]} 7. Bd3 {[%emt 0:00:56]} h6 {[%emt 0:00:43]
} 8. Bh4 {[%emt 0:00:51]} O-O {[%emt 0:00:32]} 9. Nge2 {[%emt 0:02:19]} Re8 {
[%emt 0:01:06]} 10. h3 {[%emt 0:03:06]} Nbd7 {[%emt 0:01:40]} 11. Qc2 {[%emt 0:
02:26]} b5 {[%emt 0:05:31]} 12. O-O {[%emt 0:02:06]} a5 {[%emt 0:03:27]} 13.
Rad1 {[%emt 0:24:52]} Qb6 {[%emt 0:07:21]} 14. Bg3 {[%emt 0:09:34]} Bxg3 15.
Nxg3 {[%emt 0:11:06]} Nf8 {[%emt 0:02:08]} 16. Nce2 {[%emt 0:03:05]} Be6 {
[%emt 0:03:15]} 17. Rc1 {[%emt 0:11:57]} Rac8 {[%emt 0:00:49]} 18. Nf5 {
[%emt 0:06:35]} Bxf5 {[%emt 0:05:06]} 19. Bxf5 {[%emt 0:00:05]} Ne6 {[%emt 0:
02:00]} 20. Rfd1 {[%emt 0:04:21]} Nd7 {[%emt 0:10:03]} 21. Nf4 {[%emt 0:00:51]}
Qd8 {[%emt 0:04:35]} 22. Nd3 {[%emt 0:02:50]} Qf6 {[%emt 0:01:18]} 23. Bxe6 {
[%emt 0:00:15]} fxe6 {[%emt 0:02:20]} 24. f4 {[%emt 0:00:14]} Rc7 {[%emt 0:02:
46]} 25. Qd2 {[%emt 0:01:18]} b4 {[%emt 0:02:04]} 26. Rc2 {[%emt 0:01:09]} Rec8
{[%emt 0:02:07]} 27. Rdc1 {[%emt 0:00:43]} Qf5 {[%emt 0:00:54]} 28. Nc5 {
[%emt 0:02:31]} Nf6 {[%emt 0:00:32]} 29. Qd3 {[%emt 0:06:18]} Qxd3 {[%emt 0:02:
21]} 30. Nxd3 {[%emt 0:00:14]} Ne4 {[%emt 0:00:08]} 31. Nc5 {[%emt 0:01:01]}
Nd6 {[%emt 0:00:15]} 32. Kf2 {[%emt 0:01:45]} Re7 {[%emt 0:02:10]} 33. Kf3 {
[%emt 0:01:49]} g5 {[%emt 0:00:52]} 34. g3 {[%emt 0:05:14]} Kh7 {[%emt 0:00:33]
} 35. Nd3 {[%emt 0:05:22]} Rec7 {[%emt 0:00:35]} 36. Ne5 {[%emt 0:00:28]} gxf4
{[%emt 0:00:18]} 37. gxf4 {[%emt 0:00:32]} Rg7 {[%emt 0:00:42]} 38. Rxc6 {
[%emt 0:01:12]} Rxc6 {[%emt 0:00:11]} 39. Rxc6 {[%emt 0:00:05]} Ne4 {[%emt 0:
00:32]} 40. f5 {[%emt 0:00:51]} exf5 {[%emt 0:00:58]} 41. Kf4 {[%emt 0:05:38]}
Rg2 {[%emt 0:03:55]} 42. Kxf5 {[%emt 0:00:35]} Rxb2 {[%emt 0:00:40]} 43. Rc7+ {
[%emt 0:01:06]} Kg8 {[%emt 0:00:26]} 44. Ke6 {[%emt 0:01:04]} Rxa2 {[%emt 0:04:
12]} 45. Rc8+ {[%emt 0:03:45]} Kg7 {[%emt 0:00:16]} 46. Rc7+ {[%emt 0:00:08]}
Kg8 {[%emt 0:00:06]} 47. Rc8+ {[%emt 0:00:19]} Kg7 {[%emt 0:00:07]} 48. Rc7+ {
[%emt 0:00:04]} 1/2-1/2

[Event "European Individual Chess Championship "]
[Site "Reykjavik, Iceland"]
[Date "2021.08.30"]
[Round "5.8"]
[White "Nisipeanu, Liviu-Dieter"]
[Black "Ivic, Velimir"]
[Result "1-0"]
[WhiteElo "2671"]
[BlackElo "2571"]
[PlyCount "81"]
[EventDate "2021.08.26"]

1. d4 {[%emt 0:00:05]} Nf6 {[%emt 0:00:07]} 2. Nf3 {[%emt 0:00:05]} g6 {
[%emt 0:00:53]} 3. Nbd2 {[%emt 0:00:10]} c5 {[%emt 0:01:37]} 4. dxc5 {[%emt 0:
04:58]} Qa5 {[%emt 0:00:12]} 5. a3 {[%emt 0:00:18]} Qxc5 {[%emt 0:00:45]} 6. b4
{[%emt 0:00:08]} Qc7 {[%emt 0:00:24]} 7. Bb2 {[%emt 0:00:06]} Bg7 {[%emt 0:00:
34]} 8. e3 {[%emt 0:04:55]} O-O {[%emt 0:00:16]} 9. Be2 {[%emt 0:00:13]} d6 {
[%emt 0:00:48]} 10. O-O {[%emt 0:00:21]} b6 {[%emt 0:00:22]} 11. c4 {[%emt 0:
00:40]} Bb7 {[%emt 0:00:13]} 12. Rc1 {[%emt 0:05:07]} Nbd7 {[%emt 0:00:37]} 13.
Nd4 {[%emt 0:10:00]} Rac8 {[%emt 0:03:21]} 14. Bf3 {[%emt 0:02:14]} a6 {
[%emt 0:18:40]} 15. b5 {[%emt 0:05:25]} e5 {[%emt 0:30:39]} 16. Bxb7 {[%emt 0:
16:15]} Qxb7 {[%emt 0:00:05]} 17. Nc6 {[%emt 0:00:09]} Nb8 {[%emt 0:01:04]} 18.
Nxb8 {[%emt 0:00:40]} Rxb8 {[%emt 0:00:29]} 19. Qf3 {[%emt 0:08:15]} Qxf3 {
[%emt 0:10:46]} 20. gxf3 {[%emt 0:00:20]} Ra8 {[%emt 0:00:54]} 21. Rfd1 {
[%emt 0:06:47]} axb5 {[%emt 0:11:24]} 22. cxb5 {[%emt 0:00:11]} Ra5 {[%emt 0:
00:13]} 23. Nc4 {[%emt 0:10:11]} Rxb5 {[%emt 0:00:09]} 24. Rxd6 {[%emt 0:00:05]
} Rc8 {[%emt 0:10:39]} 25. Nxb6 {[%emt 0:03:55]} Rb8 {[%emt 0:01:55]} 26. Nc4 {
[%emt 0:01:27]} Rc8 {[%emt 0:01:06]} 27. Nd2 {[%emt 0:07:20]} Rcb8 {[%emt 0:03:
53]} 28. Ba1 {[%emt 0:01:07]} Ra5 {[%emt 0:01:26]} 29. Rdc6 {[%emt 0:01:10]}
Nd7 {[%emt 0:00:44]} 30. Rc8+ {[%emt 0:01:19]} Rxc8 {[%emt 0:00:20]} 31. Rxc8+
{[%emt 0:00:04]} Bf8 {[%emt 0:00:17]} 32. Nc4 {[%emt 0:01:37]} Rd5 33. Bc3 {
[%emt 0:01:50]} Rd1+ {[%emt 0:00:42]} 34. Kg2 {[%emt 0:00:07]} Rc1 {[%emt 0:00:
29]} 35. Bb4 {[%emt 0:05:17]} Kg7 {[%emt 0:00:32]} 36. Bxf8+ {[%emt 0:02:10]}
Nxf8 {[%emt 0:00:02]} 37. Rc6 {[%emt 0:00:21]} Ra1 {[%emt 0:00:48]} 38. Nxe5 {
[%emt 0:00:23]} Rxa3 {[%emt 0:00:20]} 39. Rc7 {[%emt 0:00:05]} Ne6 {[%emt 0:00:
54]} 40. Rxf7+ {[%emt 0:00:12]} Kg8 {[%emt 0:00:17]} 41. Re7 {[%emt 0:02:09]}
1-0

[Event "European Individual Chess Championship "]
[Site "Reykjavik, Iceland"]
[Date "2021.08.30"]
[Round "5.9"]
[White "Huschenbeth, Niclas"]
[Black "Grandelius, Nils"]
[Result "1/2-1/2"]
[WhiteElo "2592"]
[BlackElo "2666"]
[PlyCount "72"]
[EventDate "2021.08.26"]

1. d4 {[%emt 0:02:27]} d5 {[%emt 0:03:20]} 2. Nc3 {[%emt 0:00:14]} Bf5 {
[%emt 0:03:39]} 3. f3 {[%emt 0:04:33]} Nf6 {[%emt 0:09:45]} 4. g4 {[%emt 0:03:
48]} Bg6 {[%emt 0:00:37]} 5. h4 {[%emt 0:00:20]} h5 {[%emt 0:17:54]} 6. g5 {
[%emt 0:00:17]} Nfd7 {[%emt 0:01:25]} 7. Nh3 {[%emt 0:14:22]} e5 {[%emt 0:03:
43]} 8. dxe5 {[%emt 0:00:36]} d4 {[%emt 0:03:17]} 9. e6 {[%emt 0:17:22]} dxc3 {
[%emt 0:10:37]} 10. exd7+ {[%emt 0:01:43]} Nxd7 {[%emt 0:01:12]} 11. Qd4 {
[%emt 0:02:37]} cxb2 {[%emt 0:04:57]} 12. Bxb2 {[%emt 0:00:21]} Nc5 {[%emt 0:
04:03]} 13. Nf4 {[%emt 0:07:11]} Qxd4 {[%emt 0:05:05]} 14. Bxd4 {[%emt 0:00:04]
} Bf5 {[%emt 0:04:12]} 15. Nd3 {[%emt 0:04:33]} Ne6 {[%emt 0:01:39]} 16. Bf2 {
[%emt 0:06:06]} Bd6 {[%emt 0:02:59]} 17. e4 {[%emt 0:00:09]} Bg6 18. Be3 {
[%emt 0:01:39]} Rd8 {[%emt 0:06:08]} 19. Kf2 {[%emt 0:03:17]} c5 {[%emt 0:01:
36]} 20. c4 {[%emt 0:05:44]} b6 {[%emt 0:00:55]} 21. Rd1 {[%emt 0:02:51]} f5 {
[%emt 0:03:34]} 22. gxf6 {[%emt 0:02:18]} gxf6 {[%emt 0:00:02]} 23. Rg1 {
[%emt 0:01:38]} Bf7 {[%emt 0:00:21]} 24. Bh3 {[%emt 0:06:26]} Bh2 {[%emt 0:02:
36]} 25. Rh1 {[%emt 0:06:29]} Bc7 {[%emt 0:00:20]} 26. Rhg1 {[%emt 0:00:47]}
Bh2 {[%emt 0:01:19]} 27. Rg2 {[%emt 0:01:20]} Bc7 {[%emt 0:00:40]} 28. Rgg1 {
[%emt 0:01:36]} Rg8 {[%emt 0:06:13]} 29. Rxg8+ {[%emt 0:02:07]} Bxg8 30. Rg1 {
[%emt 0:00:20]} Bf7 {[%emt 0:00:07]} 31. Bf1 {[%emt 0:00:15]} Ke7 {[%emt 0:00:
36]} 32. f4 {[%emt 0:01:05]} Nd4 {[%emt 0:01:06]} 33. Ne1 {[%emt 0:00:36]} Nc6
{[%emt 0:01:21]} 34. Nf3 {[%emt 0:00:45]} Rg8 {[%emt 0:01:11]} 35. Rxg8 {
[%emt 0:00:20]} Bxg8 36. a3 {[%emt 0:00:45]} Bf7 {[%emt 0:00:50]} 1/2-1/2

[Event "European Individual Chess Championship "]
[Site "Reykjavik, Iceland"]
[Date "2021.08.30"]
[Round "5.10"]
[White "Dragnev, Valentin"]
[Black "Martirosyan, Haik M."]
[Result "1/2-1/2"]
[WhiteElo "2557"]
[BlackElo "2632"]
[PlyCount "54"]
[EventDate "2021.08.26"]

1. e4 {[%emt 0:00:31]} e5 {[%emt 0:00:09]} 2. Nf3 {[%emt 0:00:06]} Nc6 {
[%emt 0:00:07]} 3. Bb5 {[%emt 0:00:05]} Nf6 {[%emt 0:00:13]} 4. O-O {[%emt 0:
00:47]} Nxe4 {[%emt 0:00:19]} 5. Re1 {[%emt 0:00:39]} Nd6 {[%emt 0:00:13]} 6.
Nxe5 {[%emt 0:00:06]} Be7 {[%emt 0:00:07]} 7. Bf1 {[%emt 0:00:13]} Nxe5 {
[%emt 0:00:09]} 8. Rxe5 {[%emt 0:00:05]} O-O {[%emt 0:00:09]} 9. d4 {[%emt 0:
00:15]} Bf6 {[%emt 0:00:11]} 10. Re1 {[%emt 0:00:29]} Nf5 {[%emt 0:00:09]} 11.
d5 {[%emt 0:00:19]} d6 {[%emt 0:00:19]} 12. Nd2 {[%emt 0:00:20]} h6 {[%emt 0:
00:17]} 13. c3 {[%emt 0:00:55]} Bd7 {[%emt 0:00:23]} 14. Bd3 {[%emt 0:01:31]}
a5 {[%emt 0:05:59]} 15. Qc2 {[%emt 0:20:09]} Ne7 {[%emt 0:12:28]} 16. Bh7+ {
[%emt 0:02:41]} Kh8 {[%emt 0:00:06]} 17. Be4 {[%emt 0:00:09]} Bg5 {[%emt 0:09:
00]} 18. c4 {[%emt 0:29:07]} f5 {[%emt 0:11:47]} 19. Bd3 {[%emt 0:00:21]} c5 {
[%emt 0:03:36]} 20. Nf3 {[%emt 0:15:08]} Bxc1 21. Raxc1 g5 {[%emt 0:06:03]} 22.
Qd2 {[%emt 0:04:53]} Kg7 {[%emt 0:01:42]} 23. Qc3+ {[%emt 0:02:10]} Kg8 {
[%emt 0:05:51]} 24. Qd2 {[%emt 0:00:13]} Kg7 {[%emt 0:08:57]} 25. Qc3+ {
[%emt 0:00:31]} Kf7 {[%emt 0:03:35]} 26. Qc2 {[%emt 0:01:58]} Kg8 {[%emt 0:05:
07]} 27. Qd2 {[%emt 0:00:25]} Kg7 {[%emt 0:01:04]} 1/2-1/2

[Event "European Individual Chess Championship "]
[Site "Reykjavik, Iceland"]
[Date "2021.08.30"]
[Round "5.11"]
[White "Banusz, Tamas"]
[Black "Paichadze, Luka"]
[Result "1/2-1/2"]
[WhiteElo "2631"]
[BlackElo "2564"]
[PlyCount "116"]
[EventDate "2021.08.26"]

1. Nf3 {[%emt 0:01:55]} Nf6 {[%emt 0:00:13]} 2. g3 {[%emt 0:00:18]} e6 {
[%emt 0:02:32]} 3. Bg2 {[%emt 0:00:20]} c5 {[%emt 0:05:04]} 4. c4 Nc6 {[%emt 0:
01:29]} 5. O-O {[%emt 0:01:22]} d5 {[%emt 0:01:41]} 6. d4 {[%emt 0:03:20]} Be7
{[%emt 0:03:02]} 7. cxd5 {[%emt 0:00:39]} Nxd5 {[%emt 0:00:06]} 8. Nc3 {
[%emt 0:00:47]} O-O {[%emt 0:00:41]} 9. Nxd5 {[%emt 0:00:51]} exd5 {[%emt 0:00:
06]} 10. dxc5 {[%emt 0:00:17]} Bxc5 {[%emt 0:00:06]} 11. Bg5 {[%emt 0:00:20]}
Qd7 {[%emt 0:00:08]} 12. Ne1 {[%emt 0:00:39]} h6 {[%emt 0:01:31]} 13. Bd2 {
[%emt 0:02:44]} Rd8 {[%emt 0:02:38]} 14. Nd3 {[%emt 0:01:13]} Bb6 {[%emt 0:00:
14]} 15. a4 {[%emt 0:09:23]} Qe7 {[%emt 0:09:48]} 16. a5 {[%emt 0:04:43]} Bc7 {
[%emt 0:01:59]} 17. Re1 {[%emt 0:02:25]} Bf5 {[%emt 0:02:22]} 18. Qa4 {[%emt 0:
05:38]} a6 {[%emt 0:22:47]} 19. Rac1 {[%emt 0:05:21]} Rac8 {[%emt 0:05:31]} 20.
Nb4 {[%emt 0:17:17]} Nxb4 {[%emt 0:03:28]} 21. Bxb4 {[%emt 0:00:14]} Qe6 {
[%emt 0:01:53]} 22. Qb3 {[%emt 0:11:52]} Be4 {[%emt 0:01:02]} 23. Bxe4 {
[%emt 0:03:59]} Qxe4 {[%emt 0:00:26]} 24. Bd2 {[%emt 0:01:05]} Be5 {[%emt 0:06:
05]} 25. Qxb7 {[%emt 0:05:39]} Rxc1 {[%emt 0:00:44]} 26. Rxc1 {[%emt 0:02:36]}
Qxe2 {[%emt 0:08:32]} 27. Qe7 {[%emt 0:01:18]} Rd6 {[%emt 0:06:22]} 28. Be3 {
[%emt 0:03:27]} d4 {[%emt 0:03:54]} 29. Qxe5 {[%emt 0:09:17]} dxe3 {[%emt 0:00:
07]} 30. Qe8+ {[%emt 0:00:38]} Kh7 {[%emt 0:00:06]} 31. Qxe3 {[%emt 0:00:13]}
Qxb2 {[%emt 0:00:21]} 32. Qe4+ {[%emt 0:00:54]} g6 {[%emt 0:00:37]} 33. Rb1 {
[%emt 0:00:24]} Qa2 {[%emt 0:02:02]} 34. Rb7 {[%emt 0:00:48]} Rd1+ {[%emt 0:08:
31]} 35. Kg2 {[%emt 0:00:03]} Rd2 {[%emt 0:03:19]} 36. Qf3 {[%emt 0:00:40]} Kg8
{[%emt 0:00:07]} 37. Rb8+ {[%emt 0:00:30]} Kh7 {[%emt 0:00:01]} 38. Rf8 {
[%emt 0:01:06]} Rd7 {[%emt 0:02:46]} 39. Qf6 {[%emt 0:00:41]} Qd5+ {[%emt 0:00:
04]} 40. f3 {[%emt 0:00:32]} Qa2+ {[%emt 0:00:07]} 41. Kh3 {[%emt 0:00:14]}
Qe6+ {[%emt 0:00:27]} 42. Qxe6 {[%emt 0:00:06]} fxe6 {[%emt 0:00:03]} 43. Ra8 {
[%emt 0:02:30]} Rd6 {[%emt 0:00:05]} 44. Ra7+ {[%emt 0:00:08]} Kg8 {[%emt 0:00:
05]} 45. g4 {[%emt 0:05:11]} Kf8 {[%emt 0:11:27]} 46. Kg3 {[%emt 0:01:15]} g5 {
[%emt 0:08:36]} 47. h4 {[%emt 0:01:58]} gxh4+ {[%emt 0:08:07]} 48. Kxh4 {
[%emt 0:00:05]} e5 {[%emt 0:01:19]} 49. Kg3 {[%emt 0:06:21]} Rg6 {[%emt 0:01:
58]} 50. Rh7 {[%emt 0:06:03]} Ke8 {[%emt 0:01:50]} 51. Rb7 {[%emt 0:05:39]} h5
{[%emt 0:00:31]} 52. Rb6 {[%emt 0:01:12]} Kf7 {[%emt 0:00:07]} 53. Kh4 {
[%emt 0:00:45]} hxg4 {[%emt 0:00:06]} 54. fxg4 {[%emt 0:00:09]} e4 {[%emt 0:01:
50]} 55. Kg3 {[%emt 0:02:38]} e3 {[%emt 0:00:25]} 56. Rxg6 {[%emt 0:02:13]}
Kxg6 {[%emt 0:00:05]} 57. Kf3 {[%emt 0:00:03]} Kg5 {[%emt 0:00:05]} 58. Kxe3 {
[%emt 0:00:07]} Kxg4 {[%emt 0:00:04]} 1/2-1/2

[Event "European Individual Chess Championship "]
[Site "Reykjavik, Iceland"]
[Date "2021.08.30"]
[Round "5.12"]
[White "Van Foreest, Lucas"]
[Black "Vocaturo, Daniele"]
[Result "1/2-1/2"]
[WhiteElo "2544"]
[BlackElo "2630"]
[PlyCount "48"]
[EventDate "2021.08.26"]

1. e4 {[%emt 0:00:04]} e5 {[%emt 0:00:24]} 2. Nf3 {[%emt 0:00:24]} Nc6 {
[%emt 0:00:28]} 3. Bc4 {[%emt 0:00:14]} Bc5 {[%emt 0:01:04]} 4. c3 {[%emt 0:00:
08]} Nf6 {[%emt 0:00:37]} 5. d3 {[%emt 0:00:42]} O-O {[%emt 0:01:37]} 6. O-O {
[%emt 0:00:36]} d6 {[%emt 0:00:21]} 7. Re1 {[%emt 0:00:38]} a6 {[%emt 0:00:49]}
8. a4 {[%emt 0:01:15]} h6 {[%emt 0:01:10]} 9. Nbd2 {[%emt 0:03:37]} Ba7 {
[%emt 0:04:05]} 10. Nf1 {[%emt 0:01:58]} Ne7 {[%emt 0:01:10]} 11. Ng3 {[%emt 0:
01:06]} Ng6 {[%emt 0:00:20]} 12. h3 {[%emt 0:08:30]} c6 {[%emt 0:00:44]} 13.
Bb3 {[%emt 0:01:25]} d5 {[%emt 0:07:56]} 14. exd5 {[%emt 0:05:14]} Nxd5 {
[%emt 0:00:07]} 15. d4 {[%emt 0:00:15]} exd4 {[%emt 0:02:23]} 16. Nxd4 {
[%emt 0:00:06]} Be6 {[%emt 0:05:06]} 17. Nxe6 {[%emt 0:13:04]} fxe6 {[%emt 0:
00:13]} 18. Rxe6 {[%emt 0:03:14]} Rxf2 {[%emt 0:22:55]} 19. Kh1 {[%emt 0:01:10]
} Nh4 {[%emt 0:08:34]} 20. Qg4 {[%emt 0:26:43]} Rxg2 {[%emt 0:04:14]} 21. Rxh6
{[%emt 0:13:48]} Rg1+ {[%emt 0:25:46]} 22. Kh2 {[%emt 0:00:14]} Rg2+ {[%emt 0:
00:36]} 23. Kh1 Rg1+ {[%emt 0:00:55]} 24. Kh2 {[%emt 0:00:04]} Rg2+ {[%emt 0:
00:04]} 1/2-1/2